000 00947cam a2200313 4500
001 1736353
003 ARRUPE
005 20140327164544.0
008 740225s1973 enkac 000 0 eng
010 _a 74155919
015 _aGB***
020 _a0297766767
040 _aDLC
_cDLC
_dDLC
043 _af-rh---
050 0 0 _aKTZ3.7.N54
_bN5 1973
082 0 0 _a365/.6/0924
_aB
100 1 _aNiesewand, Peter.
_99579
245 1 0 _aIn camera; secret justice in Rhodesia.
260 _aLondon,
_bWeidenfeld & Nicolson
_c[1973]
300 _a209 p.
_billus., ports.
_c22 cm.
350 _a£2.50
600 1 0 _aNiesewand, Peter
_xTrials, litigation, etc.
_99580
650 0 _aPolitical crimes and offenses
_zZimbabwe.
_99581
650 0 _aOfficial secrets
_zZimbabwe.
_99582
650 0 _aJustice, Administration of
_zZimbabwe.
_99583
906 _a7
_bcbc
_corignew
_d3
_encip
_f19
_gy-gencatlg
942 _2lcc
_cREFERENCE
999 _c120319
_d120319